Studies in diachronic, synchronic, and typological linguistics : Festschrift for Oswald Szemerényi on the occasion of his 65th birthday /
Disimpan dalam:
| Pengarang-pengarang Lain: | , |
|---|---|
| Format: | Buku |
| Bahasa: | English |
| Diterbitkan: |
Amsterdam :
J. Benjamin,
1979.
|
| Siri: | [Papers in honor of Oswald Szemerényi] ;
1-2. Amsterdam studies in the theory and history of linguistic science. Current issues in linguistic theory ; v. 11. |
| Subjek-subjek: | |
| Penanda-penanda: |
Tambah Penanda
Tiada Penanda, Jadilah orang pertama menanda rekod ini!
|
| LEADER | 01724cam a2200385uu 4500 | ||
|---|---|---|---|
| 001 | 000972752-3 | ||
| 005 | 20020606090541.3 | ||
| 008 | 801215s1979 ne c b 01000 eng | ||
| 010 | |a 80512733 //r87 | ||
| 015 | |a Ne*** | ||
| 020 | |a 902723504X (set) | ||
| 035 | 0 | |a ocm06502933 | |
| 040 | |a DLC |c DLC |d m.c. | ||
| 041 | 0 | |a engfregerita | |
| 050 | 0 | |a P26.S94 |b S85 | |
| 082 | 0 | |a 410 |2 19 | |
| 245 | 0 | 0 | |a Studies in diachronic, synchronic, and typological linguistics : |b Festschrift for Oswald Szemerényi on the occasion of his 65th birthday / |c edited by Bela Brogyanyi. |
| 246 | 1 | 4 | |a Festschrift for Oswald Szemerényi on the occasion of his 65th birthday |
| 260 | 0 | |a Amsterdam : |b J. Benjamin, |c 1979. | |
| 300 | |a 2 v. (xiv, 994 p.) : |b port. ; |c 23 cm. | ||
| 490 | 1 | |a [Papers in honor of Oswald Szemerényi] ; |v 1-2 | |
| 490 | 1 | |a Amsterdam studies in the theory and history of linguistic science. Series IV, Current issues in linguistic theory ; |v v. 11 | |
| 500 | |a English, French, German, or Italian. | ||
| 504 | |a Bibliography of Oswald Szemerényi's works: p. [1]-12. | ||
| 504 | |a Includes bibliographical references. | ||
| 600 | 1 | 0 | |a Szemerényi, Oswald John Louis, |d 1913- |
| 650 | 0 | |a Linguistics. | |
| 650 | 0 | |a Language and languages. | |
| 700 | 1 | |a Brogyanyi, Bela. | |
| 700 | 1 | |a Szemerényi, Oswald John Louis, |d 1913- | |
| 776 | 0 | 8 | |i Online version: |t Studies in diachronic, synchronic, and typological linguistics. |d Amsterdam : J. Benjamin, 1979 |w (OCoLC)568713538 |
| 830 | 0 | |a [Papers in honor of Oswald Szemerényi] ; |v 1-2. | |
| 830 | 0 | |a Amsterdam studies in the theory and history of linguistic science. |n Series IV, |p Current issues in linguistic theory ; |v v. 11. | |
| 988 | |a 20020608 | ||
| 906 | |0 DLC | ||


